Nursing Today : Transition and trends (Record no. 153431)

MARC details
000 -LEADER
fixed length control field 00407nam a2200145Ia 4500
008 - FIXED-LENGTH DATA ELEMENTS--GENERAL INFORMATION
fixed length control field 230411s9999 xx 000 0 und d
020 ## - INTERNATIONAL STANDARD BOOK NUMBER
International Standard Book Number 0-7216-9692-9
041 ## - LANGUAGE CODE
Language code of text/sound track or separate title eng
082 ## - DEWEY DECIMAL CLASSIFICATION NUMBER
Classification number F/610.73/ZER/CLA/B02214
100 ## - MAIN ENTRY--PERSONAL NAME
Personal name Zerwekh Joann & Claborn J
9 (RLIN) 177276
245 ## - TITLE STATEMENT
Title Nursing Today : Transition and trends
260 ## - PUBLICATION, DISTRIBUTION, ETC. (IMPRINT)
Name of publisher, distributor, etc. Saunders company
Place of publication, distribution, etc. Missouri
Date of publication, distribution, etc. 2003
300 ## - PHYSICAL DESCRIPTION
Extent 619p
Holdings
Withdrawn status Lost status Damaged status Not for loan Collection code Home library Current library Date acquired Vendor Cost, normal purchase price Bill number Total Checkouts Full call number Barcode Date last seen Cost, replacement price Bill Date Koha item type Original Barcode
          Smt. Bakul Tambat Institute of Nursing Education Smt. Bakul Tambat Institute of Nursing Education 27/01/2005 B.J.Medical Co-oprative College Stores 1811.00 1037   F 610.73 ZER CLA B02214 BTIN-BK-2214 11/04/2023 1358.00 27/01/2005 Books B02214
          Smt. Bakul Tambat Institute of Nursing Education Smt. Bakul Tambat Institute of Nursing Education 09/10/2014 B.J.Medical Co-oprative College Stores 4298.19 1037   F 610.73 ZER CLA B07762 BTIN-BK-7762 11/04/2023 3009.00 27/01/2005 Books B07762